000 00294nam a2200121Ia 4500
008 190216s9999||||xx |||||||||||||| ||und||
100 _aJagadeesh Chandra Chathurvedi
245 0 _aHindi- Kala - Yathri
260 _bUmesh Pub
_c2001
300 _a63
650 _aHindi Literature
942 _cBK
999 _c16104
_d16104